MARC details
| 000 -LEADER |
| fixed length control field |
01372nam a2200361Ia 4500 |
| 003 - CONTROL NUMBER IDENTIFIER |
| control field |
3228 |
| 005 - DATE AND TIME OF LATEST TRANSACTION |
| control field |
20260326103703.0 |
| 008 - FIXED-LENGTH DATA ELEMENTS--GENERAL INFORMATION |
| fixed length control field |
210816s9999 xx 000 0 und d |
| 020 ## - INTERNATIONAL STANDARD BOOK NUMBER |
| International Standard Book Number |
9781845284107" |
| Qualifying information |
Paperback |
| 040 ## - CATALOGING SOURCE |
| Original cataloging agency |
RDA |
| Language of cataloging |
ENGLISH |
| Transcribing agency |
3228 |
| 082 ## - DEWEY DECIMAL CLASSIFICATION NUMBER |
| Classification number |
392.5 WRIG |
| 100 ## - MAIN ENTRY--PERSONAL NAME |
| Personal name |
Wright, Lynda Oxford, 2010 |
| 9 (RLIN) |
15533 |
| Dates associated with a name |
2010. |
| 110 ## - MAIN ENTRY--CORPORATE NAME |
| 9 (RLIN) |
194397 |
| Corporate name or jurisdiction name as entry element |
How To Books |
| 111 ## - MAIN ENTRY--MEETING NAME |
| 9 (RLIN) |
178758 |
| Meeting name or jurisdiction name as entry element |
Bible Society of South Africa |
| 245 #0 - TITLE STATEMENT |
| Title |
The step-by-step guide to planning your wedding |
| Statement of responsibility, etc. |
Lynda Wright. |
| 250 ## - EDITION STATEMENT |
| Edition statement |
1st Edition. |
| 260 ## - PUBLICATION, DISTRIBUTION, ETC. |
| Place of publication, distribution, etc. |
Oxford : |
| Name of publisher, distributor, etc. |
How To Books, |
| Date of publication, distribution, etc. |
2010. |
| 300 ## - PHYSICAL DESCRIPTION |
| Extent |
167 pages |
| Other physical details |
Colour illustrations: |
| Dimensions |
21 cm |
| 504 ## - BIBLIOGRAPHY, ETC. NOTE |
| Bibliography, etc. note |
Not included |
| 520 ## - SUMMARY, ETC. |
| Summary, etc. |
If you're planning your wedding, this is the book you'll carry around with you everywhere. Logical, easy-to-use and practical, Lynda Wright's workbook-style guide has done all the thinking for you. |
| 521 ## - TARGET AUDIENCE NOTE |
| Target audience note |
Adult |
| 600 #0 - SUBJECT ADDED ENTRY--PERSONAL NAME |
| 9 (RLIN) |
15538 |
| Personal name |
Wright, Lynda Oxford, 2010 |
| Dates associated with a name |
2010. |
| 610 #0 - SUBJECT ADDED ENTRY--CORPORATE NAME |
| 9 (RLIN) |
194397 |
| Corporate name or jurisdiction name as entry element |
How To Books |
| 648 #0 - SUBJECT ADDED ENTRY--CHRONOLOGICAL TERM |
| 9 (RLIN) |
185762 |
| Chronological term |
Kabbala |
| 651 #0 - SUBJECT ADDED ENTRY--GEOGRAPHIC NAME |
| 9 (RLIN) |
196576 |
| Geographic name |
South Africa |
| 654 ## - SUBJECT ADDED ENTRY--FACETED TOPICAL TERMS |
| 9 (RLIN) |
184056 |
| Focus term |
Wedding cakes |
| 655 #0 - INDEX TERM--GENRE/FORM |
| 9 (RLIN) |
181978 |
| Genre/form data or focus term |
Adult Non-Fiction |
| 690 ## - LOCAL SUBJECT ADDED ENTRY--TOPICAL TERM (OCLC, RLIN) |
| 9 (RLIN) |
192027 |
| Topical term or geographic name as entry element |
Interior decoration |
| 700 ## - ADDED ENTRY--PERSONAL NAME |
| 9 (RLIN) |
15533 |
| Personal name |
Wright, Lynda Oxford, 2010 |
| Dates associated with a name |
2010. |
| Relator term |
Author. |
| 710 ## - ADDED ENTRY--CORPORATE NAME |
| 9 (RLIN) |
194397 |
| Corporate name or jurisdiction name as entry element |
How To Books |
| 711 ## - ADDED ENTRY--MEETING NAME |
| 9 (RLIN) |
178758 |
| Meeting name or jurisdiction name as entry element |
Bible Society of South Africa |
| 942 ## - ADDED ENTRY ELEMENTS |
| item type |
Book |
| Source of classification or shelving scheme |
Dewey Decimal Classification |
| -- |
559 |
| -- |
Nosiswe Mogale |